01283nam a22003617a 4500001001000000003000900010005001700019007000300036008003400039040005400073041001000127072002500137090001900162100001900181110010400200245009100304260003800395300001100433500007200444650001000516650001800526650001500544650002600559650001700585650001700602650003500619650002800654650002700682909003600709942000700745999001700752952015200769BR0205226BR-BrBNA20230928101202.0ta230509b bl.||||| |||| 00| 0 por d aBR-BrBNAbporcBiblioteca Nacional de Agricultura a(Por) aP34; P33b0120b4110  0120 BR02052261 aSouza, A.G. de1 aEscola Superior de Agricultura Luiz de Queiroz, Piracicaba, SP (Brasil)0Tese (Doutor em Agronomia)1 aDiversidade e estrutura de comunidades de bacteria em solos tratados com biossólidos3 aPiracicaba, SP (Brasil): c2002.  a136 p. aSummaries (Eng, Por); Bibliography p. 122-136; 28 illus.; 14 tables aMILHO aLODO RESIDUAL aBACTÉRIA aMICROBIOLOGIA DO SOLO aMETAL PESADO aABSORÇÃO aPROPRIEDADE FÍSICO-QUÍMICA aVARIAÇÃO GENÉTICA aMÉTODO ESTATÍSTICO a202309bLuciac55dLucia Elande cBK c64625d64625 002AGRIS40708AGROBASEa41918b41918l0o 0120 BR0205226p0120 BR0205226r2023-09-25t01yBK10d2023-09-25ePortaria Interministerial nº 164/94